000 00711nam a2200217I 4500
999 _c2901
_d2901
001 27055
003 GBCCL
005 20241126110442.0
008 761118s1958 miu 000 0 eng d
035 _a(OCoLC)02566348
040 _aIAG
_cIAG
049 _aLBBK
082 _a269.2
_bFER
092 _a269.25
_bF358
100 1 _aFerm, Robert O.,
_d1911-
_96070
245 1 0 _aCooperative evangelism.
_bIs Billy Graham right or wrong? Are his policies supported by Scripture and the great evangelists of history?
_cWith a foreword by Stephen W. Paine.
260 _aGrand Rapids, Mich.,
_bZondervan Publishing House
_c[c1958]
300 _a99 p.
_c21 cm.
650 0 _aEvangelistic work.
_9290
942 _2ddc
_cBK
_03